Score 0/20 Timer 02:00
0 Plays Today
Hint Missing Word % Correct
_____ la VidaViva
95.8%
A Rush of _____ to the HeadBlood
89%
God Put a _____ Upon Your FaceSmile
87.4%
Every Teardrop Is a _____Waterfall
81.6%
_____ of SoundSpeed
81.2%
_____ BrownCharlie
74.3%
_____ YouFix
73.6%
Princess of _____China
73.5%
The Hardest _____Part
71.8%
Warning _____Sign
71.3%
Hint Missing Word % Correct
Violet _____Hill
68.3%
In My _____ Place
67.4%
_____ and All His FriendsDeath
66.8%
Lovers in _____/Reign of LoveJapan
64.8%
_____ Like HeavenHurts
62.5%
Cemeteries of _______London
61.1%
Don't _____Panic
53.9%
Christmas ______Lights
52.6%
_____ SpeedHigh
44%
_____ of WaterGlass
36.5%

Today's Daily Dose

Missing Word
I Hardly Know Her!

Word Ladder
Sentence Ending

Quick Pick
Female Firsts

Get the Picture
Triathlon Sports

Remove Ads.
Support Sporcle.
Get the best of Sporcle when you Go Orange. This ad-free experience offers more features, more stats, and more fun while also helping to support Sporcle. Thank you for becoming a member.

You're not logged in!

Compare scores with friends on all Sporcle quizzes.
OR
Log In

Show Comments

Extras

Top Quizzes Today


Score Distribution

Your Account Isn't Verified!

In order to create a playlist on Sporcle, you need to verify the email address you used during registration. Go to your Sporcle Settings to finish the process.

Report this User

Report this user for behavior that violates our Community Guidelines.

Details: